00753nam a22002417a 4500003000500000005001700005008004100022010000900063011000900072035000900081040000900090100003400099245009900133260004000232300001100272500001200283502007500295650003100370650003700401650002100438650001900459700003300478CHAP20250926062749.0971013s1991 r 00010 d a2822 a3794 a2995 cCHAP00aZenteno Cruz, Isidro Osvaldo. aFertilización del pasto Rhodes chloris gayama Kunt para la producción de forraje y semilla aChapingo, Méx. :bEl autor,c1991 a111 h. aD47-114 aTesis (Ing. Agr. Esp. en Zootecnia) -- UACH. Departamento de Zootecnia14aFertilizantes para pastos.17aPastos forrajerosxRendimiento214aPastosxSemilla.14aZacate Rhodes.0 aCollazo Sánchez, Fernando.